| 000 | 00571nam a2200157 a 4500 | ||
|---|---|---|---|
| 008 | 130909s2012 ||||||||||||||||| || u | ||
| 020 | _a9781444176728 | ||
| 050 | _aBF 31 HAY | ||
| 100 | _aHayes, Nicky | ||
| 245 | 1 | 0 |
_aA student's dictionary of psychology. --5th ed. _cby Nicky Hayes and Peter Stratton |
| 250 | _a5th ed. | ||
| 260 |
_aLondon: _bHodder Education _c2012 |
||
| 300 | _ax, 325p.: ill. | ||
| 650 | _aPSYCHOLOGY--DICTIONARIES | ||
| 995 |
_FCBU-MAIN LIBRARY (Kitwe) _M1 _UREFERENCE _WSep 24, 2013 _ZReference Collection |
||
| 999 |
_c58758 _d58758 |
||